000 01317cam a22002533a 4500
001 2776
003 PGUSA
005 20140828083021.0
008 010801s2001||||xxu|||||s|||||000 1 eng d
040 _aPGUSA
_beng
042 _adc
050 4 _aPS
100 1 _aHenry, O.,
_d1862-1910
245 1 4 _aThe Four Million
_h[electronic resource] /
_cO. Henry
260 _bProject Gutenberg,
_c2001
505 0 _aTobin's palm -- The gift of the magi -- A cosmopolite in a café -- Between rounds -- The skylight room -- A service of love -- The coming-out of Maggie -- Man about town -- The cop and the anthem -- An adjustment of nature -- Memoirs of a yellow dog -- The love-philtre of Ikey Schoenstein -- Mammon and the archer -- Springtime à la carte -- The green door -- From the cabby's seat -- An unfinished story -- The caliph, Cupid and the clock -- Sisters of the golden circle -- The romance of a busy broker -- After twenty years -- Lost on dress parade -- By courier -- The furnished room -- The brief début of Tildy.
506 _aPublic domain in the USA.
516 _aElectronic text
653 _aNew York (N.Y.) -- Social life and customs -- Fiction
653 _aShort stories, American
830 0 _aProject Gutenberg
_v2776
856 4 0 _uhttp://www.gutenberg.org/ebooks/2776
942 _cEB
999 _c232108
_d232108